|
|
|
|
| LEADER |
01315nam a2200289 a 4500 |
| 001 |
7556 |
| 003 |
BD-DhAAL |
| 008 |
091124s2000 ii b 001 0 eng d |
| 999 |
|
|
|c 5967
|d 5967
|
| 010 |
|
|
|a 99945459
|
| 020 |
|
|
|a 9840515225
|
| 020 |
|
|
|a 8170032318
|
| 040 |
|
|
|a DLC
|c DLC
|d DLC
|d BD-DhAAL
|
| 082 |
0 |
0 |
|a 363.700954
|2 21
|
| 100 |
1 |
|
|a Gaan, Narottam.
|9 38268
|
| 245 |
1 |
0 |
|a Environment and national security :
|b the case of South Asia /
|c Narottam Gaan.
|
| 260 |
|
|
|a New Delhi ;
|a Dhaka :
|b The University Press Ltd.,
|c c2000.
|
| 300 |
|
|
|a xi, 265 p. ;
|c 23 cm.
|
| 504 |
|
|
|a Includes bibliographical references (p. [242]-261) and index.
|
| 526 |
|
|
|a BIED
|
| 541 |
1 |
|
|a Complimentary copy from BIED
|e 7556, 35974
|
| 650 |
|
0 |
|a Environmental policy
|z Asia, South.
|9 38269
|
| 650 |
|
0 |
|a Environmental protection
|z Asia, South.
|9 38270
|
| 852 |
4 |
|
|a Ayesha Abed Library
|j General Stacks
|
| 942 |
|
|
|2 ddc
|c BK
|
| 952 |
|
|
|0 0
|1 0
|2 ddc
|4 0
|6 363_700954000000000_GAA_2000
|7 0
|9 5951
|a BRACUL
|b BRACUL
|c GEN
|d 2009-12-06
|g 350.00
|l 2
|o 363.700954 GAA
|p 3010007556
|r 2015-01-08
|s 2014-12-30
|t 1
|v 700.00
|w 2009-12-06
|y BK
|
| 952 |
|
|
|0 0
|1 0
|2 ddc
|4 0
|6 363_700954000000000_GAA
|7 0
|9 67435
|a BRACUL
|b BRACUL
|c GEN
|d 2019-12-11
|e Complimentary copy from BIED
|l 0
|o 363.700954 GAA
|p 3010035974
|r 2019-12-11
|t 2
|w 2019-12-11
|y BK
|x Transferred from BIED to General Stacks
|